| 000 | 00604nam a2200205 a 4500 | ||
|---|---|---|---|
| 001 | 50276 | ||
| 003 | BD-RjUL | ||
| 005 | 20211209075502.0 | ||
| 008 | 160824s1951 enk 000 0 eng d | ||
| 035 | _a(BD-RjUL)50396 | ||
| 040 |
_aVU _beng _cBD-RjUL _dBD-RjUL |
||
| 041 | _aeng | ||
| 082 | 0 | 4 |
_a371.9 _223 _bMOQ 1951 |
| 100 | 1 |
_aMorris, Ronald. _9150685 |
|
| 245 | 1 | 4 |
_aThe quality of learning : _ban essay concerning the education of dull children / _cby Ronald Morris |
| 260 |
_aLondon : _bMethuen, _c1951 |
||
| 300 |
_a107 p. ; _c18 cm. |
||
| 650 | 0 |
_aSlow learning children. _9142530 |
|
| 942 |
_2ddc _cBK |
||
| 999 |
_c50276 _d50276 |
||